书目信息 |
| 题名: |
VI设计实战
|
|
| 作者: | 张辉 , 张晓叶 主编 | |
| 分册: | ||
| 出版信息: | 北京 中国水利水电出版社 2011 |
|
| 页数: | 144页 | |
| 开本: | 29cm | |
| 丛书名: | ||
| 单 册: | ||
| 中图分类: | J524.4 | |
| 科图分类: | ||
| 主题词: | 企业--标志--设计--高等教育--教材 , 企业 , 标志 | |
| 电子资源: | ||
| ISBN: | 978-7-5084-8221-7 | |
| 000 | 00989nam0 2200277 45 | |
| 001 | 1138551359 | |
| 005 | 20110419102817.09 | |
| 010 | @a978-7-5084-8221-7@dCNY45.00 | |
| 100 | @a20110409d2011 em y0chiy0110 ea | |
| 101 | 0 | @achi |
| 102 | @aCN@b110000 | |
| 105 | @aa z 000yy | |
| 106 | @ar | |
| 200 | 1 | @aVI设计实战@AVI She Ji Shi Zhan@f张辉,张晓叶主编@FZhang Hui, Zhang Xiao Ye Zhu Bian |
| 210 | @a北京@c中国水利水电出版社@d2011 | |
| 215 | @a144页@c图@d29cm | |
| 300 | @a普通高等教育“十二五”规划教材@i数字艺术设计系列教材@e艺术设计 | |
| 330 | @a本书从了解VI设计的基本概念及基础理论知识入手,逐层深入地介绍企业视觉形象系统的设计规律、设计原则、设计流程和设计方法,侧重在课堂学习过程中培养学生的实践设计能力。 | |
| 606 | 0 | @a企业@x标志@x设计@x高等教育@j教材 |
| 606 | 0 | @a企业 |
| 606 | 0 | @a标志 |
| 690 | @aJ524.4@v4 | |
| 701 | 0 | @a张辉@AZhang Hui@4主编 |
| 701 | 0 | @a张晓叶@AZhang Xiao Ye@4主编 |
| 801 | 0 | @aCN@bTANGWEI@c20110419 |
| 905 | @b0536811-14@dJ524.4@e304@f4 | |
| VI设计实战/张辉,张晓叶主编.-北京:中国水利水电出版社,2011 |
| 144页:图;29cm |
| 普通高等教育“十二五”规划教材 |
| ISBN 978-7-5084-8221-7:CNY45.00 |
| 本书从了解VI设计的基本概念及基础理论知识入手,逐层深入地介绍企业视觉形象系统的设计规律、设计原则、设计流程和设计方法,侧重在课堂学习过程中培养学生的实践设计能力。 |
| ● |
| 相关链接 |
|
|
|
|
正题名:VI设计实战
索取号:J524.4/304
 
预约/预借
| 序号 | 登录号 | 条形码 | 馆藏地/架位号 | 状态 | 备注 |
| 1 | 0536811 | 205368118 | 第一样本阅览室/ [索取号:J524.4/304] | 在馆 | |
| 2 | 0536812 | 205368127 | 第一借阅区/ [索取号:J524.4/304] | 在馆 | |
| 3 | 0536813 | 205368136 | 第一借阅区/ [索取号:J524.4/304] | 在馆 | |
| 4 | 0536814 | 205368145 | 密集书库-美术系/ [索取号:J524.4/304] | 在馆 |